| 000 | 00737nam a2200205Ii 4500 | ||
|---|---|---|---|
| 003 | JO-AjNU | ||
| 008 | 230605s9999||||xx |||||||||||||| ||und|| | ||
| 017 | _a1999/9/1566 | ||
| 040 |
_aJO-AjNU _bara _erda _cJO-AjNU |
||
| 041 | _aara | ||
| 050 | 1 | 4 | _aPJ8054.A22 1999 |
| 100 | 3 |
_aإعداد وتحرير رضوان، عبدالله ؛ محمد المشايخ ؛ تقديم هاني العمد, _eauthor _949320 |
|
| 245 | 0 | 0 | _aأنطولوجيا عمان الأدبية |
| 264 | 3 | 1 | _aعمان: أمانة عمان الكبرى، 1999 |
| 300 | _a382ص | ||
| 336 |
_atext _btxt _2rdacontent |
||
| 337 |
_aunmediated _bn _2rdamedia |
||
| 338 |
_avolume _bnc _2rdacarrier |
||
| 650 | 4 |
_aالأدب العربي - دراسة ونقد _949321 |
|
| 999 |
_aA21655 _c25223 _d25223 |
||